বিভ্রান্তির বেড়াজালে পার্বত্য জনপদ / (Record no. 142)
[ view plain ]
| 000 -LEADER | |
|---|---|
| fixed length control field | 01077nam a2200229 a 4500 |
| 001 - CONTROL NUMBER | |
| control field | 142 |
| 003 - CONTROL NUMBER IDENTIFIER | |
| rucl marc code | BD-RjUL |
| 005 - DATE AND TIME OF LATEST TRANSACTION | |
| control field | 20211208233124.0 |
| 008 - FIXED-LENGTH DATA ELEMENTS--GENERAL INFORMATION | |
| fixed length control field | 131109s2004 bg o e b||| 000 0dben d |
| 035 ## - SYSTEM CONTROL NUMBER | |
| System control number | (BD-RjUL)154 |
| 040 ## - CATALOGING SOURCE | |
| Original cataloging agency | BD-RjUL |
| Language of cataloging | ben |
| Transcribing agency | BD-RjUL |
| 041 ## - LANGUAGE CODE | |
| Language code of text/sound track or separate title | ben |
| 082 04 - DEWEY DECIMAL CLASSIFICATION NUMBER | |
| Edition number | 21 |
| Classification number | 954.923 |
| Author mark and year | RAB 2004 |
| 100 10 - MAIN ENTRY--PERSONAL NAME | |
| Personal name | রহমান, হাবিবুর |
| 9 (RLIN) | 454 |
| 245 00 - TITLE STATEMENT | |
| Title | বিভ্রান্তির বেড়াজালে পার্বত্য জনপদ / |
| Statement of responsibility, etc. | হাবিবুর রহমান |
| 260 ## - PUBLICATION, DISTRIBUTION, ETC. (IMPRINT) | |
| Place of publication, distribution, etc. | ঢাকা : |
| Name of publisher, distributor, etc. | টর্চ পাবলিশার্স, |
| Date of publication, distribution, etc. | ২০০৪ |
| 300 ## - PHYSICAL DESCRIPTION | |
| Pagination | vi, ১৬৫ পৃ. : |
| Illustrations | চিত্র ; |
| Size | ১৯ সেমি. |
| 504 ## - BIBLIOGRAPHY, ETC. NOTE | |
| Bibliography, etc | গ্রন্থপঞ্জী সংযুক্ত |
| 650 #7 - SUBJECT ADDED ENTRY--TOPICAL TERM | |
| Topical term or geographic name as entry element | পার্বত্য অঞ্চল (আর্থ-সামাজিক অবস্থা) |
| General subdivision | সরকার ও রাজনীতি |
| Geographic subdivision | বাংলাদেশ |
| 9 (RLIN) | 475 |
| Topical term or geographic name as entry element | Chittagong Hill Tracts (Bangladesh : Region) |
| General subdivision | Politics and government. |
| 9 (RLIN) | 111538 |
| Geographic subdivision | Bangladesh |
| 942 ## - ADDED ENTRY ELEMENTS (KOHA) | |
| Source of classification or shelving scheme | Dewey Decimal Classification |
| Koha item type | Books |
| Lost status | Source of classification or shelving scheme | Damaged status | Not for loan | Collection code | Permanent Location | Current Location | Shelving location | Date acquired | Source of acquisition | Cost, normal purchase price | Total Checkouts | Full call number | Date last seen | Copy number | Koha item type | Date checked out |
|---|---|---|---|---|---|---|---|---|---|---|---|---|---|---|---|---|
| Dewey Decimal Classification | Non-fiction | Central Library, University of Rajshahi | Central Library, University of Rajshahi | 04/01/2005 | Writer | 100.00 | B 954.923 RAB 2004 | 07/11/2013 | C-2 | Books | ||||||
| Dewey Decimal Classification | Non-fiction | Central Library, University of Rajshahi | Central Library, University of Rajshahi | 04/01/2005 | Writer | 100.00 | B 954.923 RAB 2004 | 07/11/2013 | C-3 | Books | ||||||
| Dewey Decimal Classification | Non-fiction | Central Library, University of Rajshahi | Central Library, University of Rajshahi | 04/01/2005 | Writer | 100.00 | 1 | B 954.923 RAB 2004 | 31/07/2018 | C-4 | Books | 29/07/2018 | ||||
| Dewey Decimal Classification | Non-fiction | Central Library, University of Rajshahi | Central Library, University of Rajshahi | 04/01/2005 | Writer | 100.00 | B 954.923 RAB 2004 | 07/11/2013 | C-5 | Books | ||||||
| Dewey Decimal Classification | Not For Loan | Non-fiction | Central Library, University of Rajshahi | Central Library, University of Rajshahi | Reading Room | 04/01/2005 | Author | 100.00 | B 954.923 RAB 2004 | 14/03/2017 | C-1 | Books |